Distance education : (Record no. 142544)

MARC details
000 -LEADER
fixed length control field 00687nam a22002177a 4500
005 - DATE AND TIME OF LATEST TRANSACTION
control field 20170713150844.0
010 ## - LCCN (DPL NO)
LC control number ENG-119176
020 ## - INTERNATIONAL STANDARD BOOK NUMBER
International Standard Book Number 9788175418110
Terms of availability 200.00
035 ## - SYSTEM CONTROL NUMBER
System control number EN-102708
037 ## - SOURCE OF ACQUISITION
Source of stock number/acquisition DBAD/PUB
082 ## - DEWEY DECIMAL CLASSIFICATION NUMBER
Classification number 371.35
100 ## - MAIN ENTRY--PERSONAL NAME
Personal name Satyanarayana,P.
245 ## - TITLE STATEMENT
Title Distance education :
Statement of responsibility, etc by P.Satyanarayana, C. Seshartnam [and] Emmanual D.K. Meduri
Remainder of title origin, Growth and development /
260 ## - PUBLICATION, DISTRIBUTION, ETC. (IMPRINT)
Place of publication, distribution, etc Delhi
Name of publisher, distributor, etc Shipra Publications
Date of publication, distribution, etc 2014
270 ## - ADDRESS
Address LG-18-19,Pankaj Central Market,I.P.Ext. Patparganj
City Delhi
Postal code 110092
300 ## - PHYSICAL DESCRIPTION
Extent xii,220p.
Dimensions 23cm(pbk)
500 ## - GENERAL NOTE
General note Includes index
700 ## - ADDED ENTRY--PERSONAL NAME
Personal name C. Seshartnam
700 ## - ADDED ENTRY--PERSONAL NAME
Personal name Emmanual D.K. Meduri
942 ## - ADDED ENTRY ELEMENTS (KOHA)
Source of classification or shelving scheme Dewey Decimal Classification
Item type English Books
Call number suffix BHA
Holdings
Withdrawn status Lost status Not for loan Collection code Home library Current library Date acquired Source of acquisition Cost, normal purchase price Full call number Barcode Copy number Cost, replacement price Koha item type
    Not For Loan Non-fiction D.B.Act.Division Bawana 13/07/2017 DBAD/PUB 200.00 371.35 EN-102708 1 200.00 English Books

© Delhi Public Library
Hit Counter
free hit counter